[Event "SVK-chT5 1516"]
[Site "Slovakia"]
[Date "2015.10.24"]
[Round "1.5"]
[White "Jankovic, Erik"]
[Black "Skrabak, Juraj"]
[Result "1-0"]
[WhiteElo "1000"]
[BlackElo "1000"]
[PlyCount "89"]
[EventDate "2015.10.24"]
[EventType "team-tourn"]
[EventRounds "9"]
[EventCountry "SVK"]
[SourceTitle "CBM 170 Extra"]
[Source "ChessBase"]
[SourceDate "2016.02.25"]
[SourceVersion "1"]
[SourceVersionDate "2016.02.25"]
[SourceQuality "1"]
[WhiteTeam "Borsky Mikulas"]
[BlackTeam "Sastin Straze"]
[WhiteTeamCountry "SVK"]
[BlackTeamCountry "SVK"]

1. e4 e5 2. Nc3 Nc6 3. Nf3 Nf6 4. Bc4 Bc5 5. d3 Nb4 6. Nxe5 0-0 7. Bf4 a6 8. a3 b5 9. Bd5 Bb7 10. Bxb7 Ra7 11. Bd5 d6 12. Nxf7 Rxf7 13. Bxf7+ Kxf7 14. axb4 Bd4 15. Nd5 Bxb2 16. Ra2 Bd4 17. 0-0 Be5 18. Bxe5 dxe5 19. Nxf6 Kxf6 20. Qh5 Qh8 21. c4 g6 22. Qd1 c6 23. cxb5 cxb5 24. Qc1 Kg7 25. Rc2 Qb8 26. Qg5 Qb6 27. Qxe5+ Kh6 28. d4 Ra8 29. d5 Rf8 30. Qc7 Qf6 31. e5 Qf5 32. d6 Rf7 33. Qb8 Qxc2 34. e6 Rf5 35. d7 a5 36. bxa5 Qd2 37. d8Q Qxd8 38. Qxd8 b4 39. Qd3 Kg5 40. e7 Re5 41. Qd6 Rxa5 42. Qxb4 Ra8 43. Qb5+ Kf6 44. e8Q Rxe8 45. Qxe8 1-0